000 01097cam a22002897i 4500
001 1496
005 20230828163320.0
008 140903t20131963nyua j 000 1 eng d
020 _a9780060256753 (trade bdg.)
020 _a0060256753 (trade bdg.)
020 _a9780060256760 (lib. bdg.)
020 _a0060256761 (lib. bdg.)
040 _aMDB
_beng
_cMDB
_erda
_dOCLCO
_dDLC
050 0 0 _aPZ7.S588
_bUs 2013
082 0 4 _a[Fic]
_223
100 1 _aSilverstein, Shel,
_eauthor.
245 1 0 _aUncle Shelby's story of Lafcadio, the lion who shot back /
_cShel Silverstein.
246 3 0 _aLafcadio, the lion who shot back
300 _a104 pages :
_billustrations ;
_c24 cm
520 _aAfter leaving the jungle for the circus and a life of fame and wealth, a lion who taught himself to be the best shot in the world discovers he's not really a lion anymore, and not really a man, either.
521 _aNP
650 0 _aLion
_vJuvenile fiction.
650 0 _aFame
_vJuvenile fiction.
650 0 _aHumorous stories.
906 _a7
_bcbc
_ccopycat
_d2
_encip
_f20
_gy-gencatlg
942 _2ddc
_cBK
_n0
999 _c1496
_d1496